000
00314nam a22001337a 4500
008
180316b xxu||||| |||| 00| 0 eng d
020
_a
9780321104762
041
_a
eng
080
_a
82
100
_a
24
101
_a
gju
245
_a
a short guide to writing about literature
_c
barnet.s
942
_2
udc
_c
BK
999
_c
45237
_d
45237